[Event "Kragero Resort A 2020"]
[Site "Kragero"]
[Date "2020.02.19"]
[Round "1.27"]
[White "Gjestemoen-VonHirsch, Andre"]
[Black "Vestby-Ellingsen, Mads"]
[Result "0-1"]
[WhiteElo "1999"]
[BlackElo "2357"]
[Annotator "NA"]
[PlyCount "135"]
[EventDate "2020.02.19"]
[EventType "swiss"]
[EventCountry "NOR"]
[SourceTitle "playchess.com"]
[Source "ChessBase"]
[SourceQuality "1"]
[TimeControl "5400+30"]

1. e4 {[%emt 0:00:00]} c5 {[%emt 0:00:00]} 2. Nf3 {[%emt 0:00:00]} e6 {[%emt 0:00:00]} 3. d4 {[%emt 0:00:00]} cxd4 {[%emt 0:00:05]} 4. Nxd4 {[%emt 0:00:00]} Nc6 {[%emt 0:00:13]} 5. Nc3 {[%emt 0:00:00]} Qc7 {[%emt 0:00:08]} 6. Be3 {[%emt 0:00:00]} a6 {[%emt 0:00:08]} 7. a3 {[%emt 0:00:03]} b5 {[%emt 0:00:19]} 8. Nxc6 {[%emt 0:00:17]} Qxc6 {[%emt 0:00:12]} 9. Be2 {[%emt 0:00:25]} Bb7 {[%emt 0:00:16]} 10. O-O {[%emt 0:01:25]} Rc8 {[%emt 0:00:16]} 11. Qd3 {[%emt 0:05:21]} Ne7 {[%emt 0:08:00]} 12. Rad1 {[%emt 0:08:28]} Ng6 {[%emt 0:02:32]} 13. f4 {[%emt 0:05:07]} Be7 {[%emt 0:04:09]} 14. Rf2 {[%emt 0:08:03]} d6 {[%emt 0:02:17]} 15. Bf3 {[%emt 0:23:51]} Qc7 {[%emt 0:05:32]} 16. Bg4 {[%emt 0:07:55]} Qc4 {[%emt 0:17:05]} 17. Bd4 {[%emt 0:04:16]} Qxd3 {[%emt 0:03:17]} 18. Rxd3 {[%emt 0:01:38]} O-O {[%emt 0:01:25]} 19. f5 {[%emt 0:04:43]} exf5 {[%emt 0:04:25]} 20. exf5 {[%emt 0:01:00]} Ne5 {[%emt 0:02:15]} 21. Bxe5 {[%emt 0:00:11]} dxe5 {[%emt 0:00:09]} 22. Rd7 {[%emt 0:01:28]} Bc5 {[%emt 0:00:09]} 23. Rxb7 {[%emt 0:00:11]} Rb8 {[%emt 0:06:26]} 24. Rc7 {[%emt 0:09:51]} Bxf2+ {[%emt 0:01:59]} 25. Kxf2 {[%emt 0:00:06]} b4 {[%emt 0:00:15]} 26. Nd5 {[%emt 0:01:04]} bxa3 {[%emt 0:01:03]} 27. bxa3 {[%emt 0:00:03]} Rb2 {[%emt 0:01:08]} 28. Be2 {[%emt 0:00:26]} Ra2 {[%emt 0:02:50]} 29. Rc3 {[%emt 0:02:02]} h5 {[%emt 0:10:03]} 30. Nb4 {[%emt 0:06:30]} Ra1 {[%emt 0:00:32]} 31. Nxa6 {[%emt 0:01:30]} g6 {[%emt 0:00:24]} 32. Bb5 {[%emt 0:00:33]} Kg7 {[%emt 0:00:44]} 33. a4 {[%emt 0:01:34]} gxf5 {[%emt 0:01:31]} 34. Nc5 {[%emt 0:00:37]} Rd8 {[%emt 0:01:45]} 35. Nb3 {[%emt 0:00:28]} Ra2 {[%emt 0:01:26]} 36. a5 {[%emt 0:03:38]} e4 {[%emt 0:04:52]} 37. a6 {[%emt 0:01:17]} f4 {[%emt 0:00:25]} 38. Ke2 {[%emt 0:01:28]} Rd5 {[%emt 0:01:36]} 39. Bc6 {[%emt 0:00:23]} Rg5 {[%emt 0:00:38]} 40. Bxe4 {[%emt 0:00:06]} Rxa6 {[%emt 0:00:08]} 41. Nd4 {[%emt 0:00:46]} Ra1 {[%emt 0:01:22]} 42. Rc7 {[%emt 0:00:26]} Re5 {[%emt 0:02:18]} 43. Kf3 {[%emt 0:01:59]} Rf1+ {[%emt 0:00:09]} 44. Ke2 {[%emt 0:00:06]} Ra1 {[%emt 0:01:03]} 45. Nb3 {[%emt 0:02:07]} Rxe4+ {[%emt 0:00:26]} 46. Kd3 {[%emt 0:01:05]} Re3+ {[%emt 0:01:20]} 47. Kd2 {[%emt 0:00:17]} Rg1 {[%emt 0:00:26]} 48. Nd4 {[%emt 0:00:20]} Rxg2+ {[%emt 0:00:49]} 49. Kc1 Rg5 {[%emt 0:01:47]} 50. Kd2 {[%emt 0:01:08]} Rd5 {[%emt 0:00:37]} 51. c3 {[%emt 0:00:05]} Re8 {[%emt 0:01:34]} 52. Ra7 {[%emt 0:00:46]} f3 {[%emt 0:00:49]} 53. Ra1 {[%emt 0:00:01]} Re2+ {[%emt 0:00:27]} 54. Kd3 {[%emt 0:00:00]} Rxh2 {[%emt 0:01:19]} 55. Ke4 {[%emt 0:00:19]} Rc5 {[%emt 0:00:28]} 56. Nxf3 {[%emt 0:00:37]} Rc2 {[%emt 0:00:30]} 57. Rg1+ {[%emt 0:00:04]} Kf8 {[%emt 0:00:29]} 58. Rh1 {[%emt 0:01:19]} R5xc3 {[%emt 0:05:04]} 59. Nd4 {[%emt 0:00:57]} Rg2 {[%emt 0:01:03]} 60. Nf5 {[%emt 0:01:06]} Rg4+ {[%emt 0:00:53]} 61. Kd5 {[%emt 0:00:01]} Rg5 {[%emt 0:01:01]} 62. Kd4 {[%emt 0:00:10]} Ra3 {[%emt 0:00:57]} 63. Nh4 {[%emt 0:00:48]} Rg4+ {[%emt 0:00:36]} 64. Ke5 {[%emt 0:00:02]} Ra5+ {[%emt 0:00:20]} 65. Kd6 {[%emt 0:00:06]} Kg7 {[%emt 0:00:43]} 66. Nf3 {[%emt 0:00:17]} Rg6+ {[%emt 0:00:11]} 67. Kc7 {[%emt 0:00:02]} Ra7+ {[%emt 0:01:14]} 68. Kb8 {[%emt 0:00:00]} 0-1

[Event "Kragero Resort A 2020"]
[Site "Kragero"]
[Date "2020.02.19"]
[Round "1.28"]
[White "Kjartansson, David"]
[Black "Pevar, Andrew"]
[Result "1-0"]
[WhiteElo "2356"]
[BlackElo "1998"]
[Annotator "NA"]
[PlyCount "49"]
[EventDate "2020.02.19"]
[EventType "swiss"]
[EventCountry "NOR"]
[SourceTitle "playchess.com"]
[Source "ChessBase"]
[SourceQuality "1"]
[TimeControl "5400+30"]

1. d4 {[%emt 0:00:00]} Nf6 {[%emt 0:00:00]} 2. c4 {[%emt 0:00:00]} c5 {[%emt 0:00:03]} 3. d5 {[%emt 0:00:00]} e5 {[%emt 0:00:15]} 4. Nc3 {[%emt 0:00:31]} d6 {[%emt 0:00:14]} 5. e4 {[%emt 0:01:31]} Be7 {[%emt 0:00:13]} 6. h3 {[%emt 0:01:02]} Nbd7 {[%emt 0:00:31]} 7. Be3 {[%emt 0:02:14]} Nf8 {[%emt 0:00:44]} 8. Bd3 {[%emt 0:01:04]} Ng6 {[%emt 0:00:39]} 9. Nge2 {[%emt 0:03:45]} O-O {[%emt 0:01:26]} 10. Qd2 {[%emt 0:04:10]} h6 {[%emt 0:03:55]} 11. g3 {[%emt 0:06:14]} Nh7 {[%emt 0:05:23]} 12. O-O-O {[%emt 0:07:33]} a6 {[%emt 0:02:45]} 13. f4 {[%emt 0:02:23]} exf4 {[%emt 0:11:43]} 14. gxf4 {[%emt 0:00:30]} b5 {[%emt 0:10:04]} 15. Rdg1 {[%emt 0:03:31]} Kh8 {[%emt 0:06:57]} 16. Ng3 {[%emt 0:07:57]} Qa5 {[%emt 0:04:28]} 17. Nh5 {[%emt 0:11:27]} Bf6 {[%emt 0:14:36]} 18. e5 {[%emt 0:07:07]} dxe5 {[%emt 0:01:01]} 19. Nxf6 {[%emt 0:00:24]} exf4 {[%emt 0:15:30]} 20. Bxc5 {[%emt 0:03:44]} gxf6 {[%emt 0:00:20]} 21. Bxg6 {[%emt 0:00:31]} fxg6 {[%emt 0:00:58]} 22. Bxf8 {[%emt 0:00:09]} Nxf8 {[%emt 0:00:09]} 23. Qxf4 {[%emt 0:01:37]} Kg7 {[%emt 0:02:26]} 24. Re1 {[%emt 0:00:12]} Qd8 {[%emt 0:04:15]} 25. c5 {[%emt 0:05:08]} 1-0

[Event "Kragero Resort A 2020"]
[Site "Kragero"]
[Date "2020.02.19"]
[Round "2.1"]
[White "Hammer, Jon Ludvig"]
[Black "Mikalsen, Erlend"]
[Result "1/2-1/2"]
[WhiteElo "2628"]
[BlackElo "2364"]
[Annotator "TA"]
[PlyCount "49"]
[EventDate "2020.02.19"]
[EventType "swiss"]
[EventCountry "NOR"]
[SourceTitle "playchess.com"]
[Source "ChessBase"]
[SourceQuality "1"]

{[%evp 9,49,11,21,11,14,11,14,20,17,-11,0,-4,0,-23,0,-8,-18,-22,-14,-14,28,30,29,0,0,0,0,0,4,0,0,0,0,0,0,0,41,38,32,-13,-8,-10]} 1. c4 e5 2. Nc3 Bb4 3. Nd5 a5 4. Nf3 d6 5. a3 Bc5 6. e3 {A21: English Opening: 1...e5 2 Nc3.} Nf6 7. d4 Nxd5 8. cxd5 exd4 9. Nxd4 O-O 10. Be2 {[#]} Nd7 $146 ({Predecessor:} 10... Qg5 11. Bf3 Nd7 12. Nb5 Ne5 13. Nxc7 Rb8 14. Nb5 Bf5 15. O-O Bc2 16. Qxc2 Nxf3+ {0-1 (30) Alekseev,E (2620)-Morozevich,A (2656) Sochi 2018}) 11. O-O a4 12. Kh1 Bb6 13. e4 Nc5 14. f3 f5 15. exf5 Bxf5 16. Nxf5 Rxf5 17. f4 Rf8 18. Bd2 Qe7 19. Bg4 Qe4 20. Qf3 $1 Qxf3 21. Rxf3 Rae8 22. Bc3 c6 23. dxc6 bxc6 24. Raf1 Re7 25. g3 {Accuracy: White = 88%, Black = 88%.} 1/2-1/2

[Event "Kragero Resort A 2020"]
[Site "Kragero"]
[Date "2020.02.19"]
[Round "2.2"]
[White "Vestby-Ellingsen, Mads"]
[Black "Postny, Evgeny"]
[Result "1/2-1/2"]
[WhiteElo "2357"]
[BlackElo "2611"]
[Annotator "TA"]
[PlyCount "54"]
[EventDate "2020.02.19"]
[EventType "swiss"]
[EventCountry "NOR"]
[SourceTitle "playchess.com"]
[Source "ChessBase"]
[SourceQuality "1"]

{[%evp 15,54,23,23,18,23,18,19,22,17,10,35,0,0,0,0,10,5,-87,-87,-102,-112,-77,13,0,0,0,0,0,0,0,4,2,15,8,11,0,0,3,3,1,3]} 1. d4 d5 2. c4 c6 3. Nf3 Nf6 4. Nc3 a6 5. e3 b5 6. b3 Bg4 7. Be2 e6 8. O-O Bd6 9. h3 {D15: Slav Defence: 4 Nc3 a6 and gambit lines after 4 Nc3 dxc4.} Bh5 10. Bb2 O-O 11. Ne5 Bxe2 12. Qxe2 Nfd7 {[#]} 13. Nxd7 $146 (13. f4 {keeps more tension.} Be7 14. c5 a5 15. e4 Nxe5 16. fxe5 Na6 17. exd5 exd5 18. a4) ({Predecessor:} 13. Nf3 f5 14. a4 b4 15. Na2 a5 16. Nc1 Nf6 17. Nd3 Nbd7 18. Rac1 Ne4 19. cxd5 cxd5 {½-½ (19) Yevseev,D (2580)-Postny,E (2537) Cappelle-la-Grande 2004}) 13... Nxd7 14. e4 {[%cal Re4d5]} dxc4 15. bxc4 e5 16. dxe5 (16. d5 $11) 16... Nxe5 $17 17. cxb5 axb5 18. a4 bxa4 (18... b4 $17 19. Na2 Rxa4) 19. Nxa4 {[%cal Bc3a4,Ba4b6,Bb6c4][%mdl 32] The position is equal.} Ng6 20. Rfd1 $36 {[%mdl 2048] e5 is the strong threat. Black is under pressure.} Qe7 21. Nb6 Rxa1 22. Bxa1 Re8 23. Qc2 Qc7 24. Nc4 Bf8 25. Ne3 Qf4 26. Qxc6 Qxe4 27. Qxe4 Rxe4 {Accuracy: White = 83%, Black = 80%.} 1/2-1/2

[Event "Kragero Resort A 2020"]
[Site "Kragero"]
[Date "2020.02.19"]
[Round "2.3"]
[White "Moiseenko, Vadim"]
[Black "Kjartansson, David"]
[Result "1-0"]
[WhiteElo "2550"]
[BlackElo "2356"]
[Annotator "TA"]
[PlyCount "89"]
[EventDate "2020.02.19"]
[EventType "swiss"]
[EventCountry "NOR"]
[SourceTitle "playchess.com"]
[Source "ChessBase"]
[SourceQuality "1"]

{[%evp 13,89,0,0,0,8,11,15,0,31,43,52,53,32,-7,-8,-79,-84,-81,-77,-83,-94,-105,-101,-93,-84,-75,-104,-75,-70,-72,0,0,0,0,9,20,20,14,10,4,56,50,54,46,72,73,71,73,75,77,67,78,133,85,105,90,99,95,131,131,204,199,195,205,233,193,248,249,307,300,392,377,448,435,834,827,767,752]} 1. d4 Nf6 2. Bf4 d5 3. e3 e6 4. Nd2 c5 5. Ngf3 Nc6 6. c3 Bd6 7. Bg3 O-O 8. Bb5 {D02: 1 d4 d5 2 Nf3 sidelines, including 2...Nf6 3 g3 and 2...Nf6 3 Bf4.} a6 9. Bxc6 bxc6 10. Qa4 {The position is equal.} Bxg3 11. hxg3 cxd4 12. cxd4 {[#]} (12. Nxd4 Bd7 $15) 12... a5 $146 ({Predecessor:} 12... Qb6 13. Qc2 h6 14. Ne5 Bb7 15. O-O Rfc8 16. Nb3 a5 17. Rfc1 Ba6 18. Qc5 Qxc5 19. Nxc5 {1-0 (39) Damaso,R (2439)-Santos,A (2162) Lisbon 2019}) 13. Rc1 ({Much weaker is} 13. Qxc6 Ba6 $15) 13... Ba6 14. Rxc6 {[#]} (14. Ne5 $11) 14... Qb8 $1 $17 {...Bb5 is the strong threat.} 15. Rc2 Rc8 16. Ne5 Rxc2 17. Qxc2 Qb5 {[%csl Ga6][%cal Rb5e2]} 18. Nb3 Rc8 19. Nc5 {[#]} Ne4 $1 {[%cal Re4c5][%mdl 512]} 20. a4 (20. Nxe4 Rxc2) 20... Qb4+ 21. Kd1 Nxc5 (21... f6 $17 22. f3 {[#]} (22. Ned7 $2 Bc4 $19) 22... Be2+ $1 {[%mdl 512]} 23. Qxe2 fxe5 24. fxe4 exd4) 22. dxc5 $40 {[%mdl 128] And now Rh4 would win. White mounts an attack.} h6 23. Rh4 $1 {[%cal Rh4b4]} Qxc5 24. Qxc5 Rxc5 $11 {[%mdl 4096] Endgame KRB-KRN} 25. b4 axb4 26. Rxb4 f6 (26... g6 $11) 27. Rb8+ $1 $14 Kh7 28. Nd7 Ra5 29. Nf8+ Kg8 {Hoping for ...Kf7.} 30. Nxe6+ Kf7 31. Nd8+ Kg6 32. Rb4 Bc4 ({Better is} 32... Bf1) 33. Kd2 Ra6 34. Nb7 Bf1 35. Nc5 Rc6 36. Nd3 Kh7 (36... Ra6 $16 {is a better defense.} 37. Nf4+ Kf7) 37. Nf4 Bc4 38. g4 Rc7 39. g3 Re7 (39... Kg8 $142 40. Kc3 Be2+ 41. Kd4 Bd1) 40. Kc3 $18 g5 41. Nh5 Kg6 42. Rb6 Rf7 {intending ...Be2.} 43. a5 {[%cal Ba4a5,Ba5a6][%mdl 32] White is clearly winning.} Be2 (43... Rc7 $142 44. Rxf6+ Kh7) 44. a6 d4+ 45. Kxd4 {Accuracy: White = 88%, Black = 55%.} 1-0

[Event "Kragero Resort A 2020"]
[Site "Kragero"]
[Date "2020.02.19"]
[Round "2.4"]
[White "Stanford, Maxim Barth"]
[Black "Lie, Kjetil A."]
[Result "0-1"]
[WhiteElo "2339"]
[BlackElo "2523"]
[Annotator "TA"]
[PlyCount "88"]
[EventDate "2020.02.19"]
[EventType "swiss"]
[EventCountry "NOR"]
[SourceTitle "playchess.com"]
[Source "ChessBase"]
[SourceQuality "1"]

{[%evp 11,88,27,35,37,41,19,13,21,27,15,152,37,40,17,50,29,49,30,24,33,35,32,33,42,55,52,16,14,41,0,52,31,52,0,10,0,0,25,23,0,0,0,0,0,0,-47,6,-108,-108,-108,-108,-108,-108,-126,-126,-126,-126,-126,-126,-122,-116,-107,-105,-128,0,-159,-158,-477,-450,-460,-444,-808,-794,-29982,-29983,-29983,-29984,-29984,-29982]} 1. e4 c5 2. Nf3 e6 3. d4 cxd4 4. Nxd4 Nc6 5. Nc3 Qc7 6. Be3 a6 7. Qf3 {now supersedes 7.Qd2. B48: Sicilian: Taimanov: 5 Nc3 Qc7 6 Be3 a6 without Be2.} d6 8. O-O-O Bd7 9. Qg3 {The position is equal.} Rc8 10. f4 b5 {[#]} (10... Nf6 $11) 11. Nxc6 $146 (11. Bxb5 $1 $16 axb5 12. Ndxb5) ({Predecessor:} 11. Bd3 g6 12. Nxc6 Bxc6 13. Bd4 f6 14. e5 dxe5 15. fxe5 f5 16. h4 Bh6+ 17. Kb1 {1-0 (42) Vetoshko,V (2534)-Farkas,G (2366) Slovakia 2017}) 11... Bxc6 $14 12. Bd4 Nf6 13. Bd3 b4 14. Bxf6 $1 gxf6 15. Ne2 Qb6 16. Kb1 a5 17. Rhe1 a4 18. f5 e5 19. Qh4 Be7 20. Bc4 Bb5 (20... Bb7 $11 21. b3 a3) 21. Bxb5+ Qxb5 22. Qg3 Qc6 23. Qd3 Rg8 24. Ng3 {[%cal Be2g3,Bg3f1,Bf1d2,Bd2c4][%mdl 32]} a3 25. b3 Bd8 26. Re2 Bb6 $36 {[%mdl 2048] Black is pushing.} 27. Nf1 ({Don't go for} 27. Qxd6 $2 Qc3 $19) 27... Ke7 28. Nd2 Rg4 (28... Qc3 $15 29. Qxc3 Rxc3) 29. h3 {[#]} (29. Nc4 $11 {keeps the balance.}) 29... Rg3 $1 $17 {[%cal Rg3d3][%mdl 512]} 30. Qc4 {[#]} (30. Qxg3 Qxc2+) 30... Qxc4 $1 31. Nxc4 Bd4 32. Rd3 {[#]} Rcg8 $1 33. Rxg3 Rxg3 {[%mdl 4096] Endgame KRB-KRN} 34. Kc1 h5 35. Kd1 Kd7 36. Nd2 Kc6 37. Nf3 d5 (37... Bc3 $17 38. Nd2 Rg5) 38. Nxd4+ $2 (38. Nd2 $1 $11) 38... exd4 $11 {KR-KR} 39. e5 $2 (39. exd5+ $17 Kxd5 40. Rf2) 39... fxe5 40. Rxe5 Rxg2 41. Re7 {[#]} (41. Re2 $142 Rg3 42. Rh2) 41... d3 $1 $19 {[%mdl 512]} 42. Rxf7 (42. cxd3 Rxa2) 42... dxc2+ {Black mates.} 43. Kc1 d4 44. Rf8 d3 {Accuracy: White = 61%, Black = 79%.} 0-1

[Event "Kragero Resort A 2020"]
[Site "Kragero"]
[Date "2020.02.19"]
[Round "2.5"]
[White "Chatalbashev, Boris"]
[Black "Alinasab, Mobina"]
[Result "1-0"]
[WhiteElo "2514"]
[BlackElo "2333"]
[Annotator "TA"]
[PlyCount "97"]
[EventDate "2020.02.19"]
[EventType "swiss"]
[EventCountry "NOR"]
[SourceTitle "playchess.com"]
[Source "ChessBase"]
[SourceQuality "1"]

{[%evp 22,117,43,35,33,32,95,0,162,172,148,203,171,201,183,134,141,77,73,79,75,80,68,71,61,66,45,63,56,60,123,99,83,93,86,68,126,122,135,134,146,126,131,130,130,137,146,147,208,221,202,116,125,112,125,63,104,59,83,67,133,133,218,220,214,203,196,185,172,108,111,58,232,233,228,222,386,261,254,258,298,292,406,422,466,466,456,359,344,0,433,454,444,437,788,800,1016,1025]} 1. d4 Nf6 2. c4 e6 3. Nf3 Bb4+ 4. Nbd2 b6 5. a3 Bxd2+ 6. Qxd2 Bb7 7. e3 d6 8. Be2 Nbd7 9. O-O Ne4 10. Qc2 O-O 11. b4 f5 12. Bb2 Rf6 {E14: Queen's Indian: Classical Variation (4 e3).} 13. d5 Rg6 (13... Rh6 $1 $14) 14. Rad1 (14. Nd4 $1 $16) 14... Qe7 $2 (14... c5 $11 {and Black stays safe.}) 15. Nd4 $1 $18 Nf8 16. Bd3 Qg5 {[%csl Gg6][%cal Rg5g2]} 17. f4 {[#]} Qh5 $146 ({Predecessor:} 17... Qg4 18. Bxe4 fxe4 19. f5 exf5 20. Nxf5 Qg5 21. Qxe4 Re8 22. Qf3 Bc8 23. Nh6+ {1-0 (23) Votava,J (2526)-Vlasak,L (2353) Czechia 2015}) 18. Bxe4 fxe4 19. Qxe4 (19. Nb5 $142) 19... exd5 $16 {[#]} 20. Qf5 $1 {[%cal Rf5h5]} Rh6 21. Qxh5 Rxh5 22. cxd5 Bxd5 23. Rc1 c5 24. Nb5 Rd8 25. Rfd1 $36 {[%mdl 2048] White has some pressure.} Bc6 (25... a6 $1 $14) 26. Rxd6 (26. Nxa7 Ba4 $17) 26... Rxd6 27. Nxd6 {Strongly threatening e4.} Rd5 28. Nc4 Ne6 (28... Bb5 $14) 29. Be5 Ba8 30. b5 Rd3 31. Bb8 Rd7 32. h4 Rb7 33. Be5 Rd7 34. a4 Nd8 (34... Be4 $16 35. Nd6 Bd3) 35. a5 $18 bxa5 36. Ra1 (36. Nxa5 $18 Be4 37. Rxc5) 36... Nf7 $16 37. Rxa5 {aiming for b6.} Be4 38. Ra1 (38. Kf2 $16) 38... h6 39. g4 Rb7 40. Bc3 Rxb5 (40... Bd3 $14 41. Nd2 Nd6) 41. Nd2 ({Don't do} 41. Rxa7 Rb3 $16) 41... Bc6 (41... Bb7 $16 42. Rxa7 Nd6) 42. Rxa7 $18 Rb7 43. Ra6 Bb5 44. Ra8+ Kh7 45. f5 (45. Kf2 $18) 45... Rd7 46. f6 (46. Rc8 $16) 46... gxf6 $2 {[#]} ({Black should play} 46... g5 $14) 47. Ne4 $1 {[%mdl 512]} Rd1+ {[#]} 48. Kh2 $1 {[%mdl 512]} Rd8 $2 (48... Nd6 {is a better defense.} 49. Nxf6+ Kg7 50. Ra7+ Kf8) 49. Ra5 {Played: Ra8-a7} 1-0

[Event "Kragero Resort A 2020"]
[Site "Kragero"]
[Date "2020.02.19"]
[Round "2.6"]
[White "Vijayalakshmi, Subbaraman"]
[Black "Vrolijk, Liam"]
[Result "0-1"]
[WhiteElo "2331"]
[BlackElo "2501"]
[Annotator "TA"]
[PlyCount "54"]
[EventDate "2020.02.19"]
[EventType "swiss"]
[EventCountry "NOR"]
[SourceTitle "playchess.com"]
[Source "ChessBase"]
[SourceQuality "1"]

{[%evp 9,62,44,49,30,68,67,69,46,43,42,75,60,79,24,30,22,31,36,49,5,29,-85,-78,-86,-79,-86,-83,-92,-87,-99,-87,-93,-83,-83,-85,-124,-124,-124,-122,-169,-152,-622,-610,-565,-354,-5569,-5589,-3096,-2595,-2895,-1822,-29981,-29982,-6698,-6391]} 1. d4 g6 2. e4 Bg7 3. Nc3 d6 4. Be3 a6 5. Qd2 b5 6. h4 {B06: Modern Defence.} h6 7. f3 Nd7 8. O-O-O {White is slightly better.} Bb7 9. g4 Rc8 10. Nge2 c5 11. Ng3 {[#]} ({White should play} 11. dxc5 $16 Nxc5 12. a3) 11... cxd4 $146 ({Predecessor:} 11... Qa5 12. Kb1 c4 13. h5 b4 14. Nce2 c3 15. Qe1 g5 16. Nf5 Bf6 17. b3 Qc7 {1-0 (39) Pogorelskikh,S (2173)-Terman,A (1577) St Petersburg 2019}) 12. Bxd4 Bxd4 13. Qxd4 Ngf6 14. Be2 Qb6 $1 15. Qd2 (15. h5 $11) 15... b4 $1 $17 {[%cal Rb4c3]} 16. Na4 Qa5 $1 {[%cal Ra5a4]} 17. b3 Bc6 18. g5 Bxa4 19. bxa4 hxg5 20. hxg5 Rxh1 $1 21. Rxh1 {[#] Threatens to win with Rh8+.} Ng8 $1 22. f4 Qxa4 {Strongly threatening ...b3!} 23. Kb1 {[#] aiming for Rh8.} Qa3 $1 {Hoping for ...Nc5.} 24. Rh8 Kf8 $40 {[%mdl 128] Black goes for the king.} 25. Bxa6 $2 (25. Bg4 $17 Qxg3 26. Bxd7) 25... Qxa6 $19 26. Qh2 e6 27. f5 $2 {[#]} (27. Qh7 Ke7 28. Rxg8 Rxg8 29. Qxg8) 27... Ra8 {Played: b4-b3} 0-1

[Event "Kragero Resort A 2020"]
[Site "Kragero"]
[Date "2020.02.19"]
[Round "2.7"]
[White "Beerdsen, Thomas"]
[Black "Storme, Isak"]
[Result "0-1"]
[WhiteElo "2497"]
[BlackElo "2314"]
[Annotator "TA"]
[PlyCount "62"]
[EventDate "2020.02.19"]
[EventType "swiss"]
[EventCountry "NOR"]
[SourceTitle "playchess.com"]
[Source "ChessBase"]
[SourceQuality "1"]

{[%evp 14,62,7,12,10,21,22,0,6,12,11,-45,-45,-48,-46,-62,-87,-92,-68,-253,-134,-179,-111,-123,-102,-139,-101,-125,-100,-193,-141,-142,-138,-143,-153,-145,-154,-365,-353,-852,-849,-812,-781,-1000,-979,-994,-992,-968,-971,-956,-750]} 1. e4 e5 2. Bc4 Nf6 3. d3 Nc6 4. Nf3 Bc5 5. c3 O-O 6. O-O d6 7. Bg5 h6 8. Bh4 g5 {C54: Giuoco Piano: 4 c3 Nf6, main lines with 5 d4 and 5 d3.} 9. Bg3 a6 10. a4 Ba7 $1 {The position is equal. The main line 10...Ba7 scores better than 10...g4.} 11. Nbd2 Nh7 {[#]} 12. Nb3 $146 (12. h3 $11) ({Predecessor:} 12. h3 h5 13. d4 h4 14. Bh2 g4 15. hxg4 Bxg4 16. dxe5 dxe5 17. b4 h3 18. b5 {1-0 (45) Duda,J (2738)-Kramnik,V (2777) Wijk aan Zee 2019}) 12... h5 $15 13. h4 Bg4 {White must now prevent ...gxh4.} 14. hxg5 Nxg5 {aiming for ...h4!} 15. Nbd2 h4 16. Bh2 $2 ({Only move:} 16. Bxh4 $15 Nxf3+ {[%mdl 64] Discovered Attack} 17. gxf3 Qxh4 18. fxg4) 16... Qf6 ({Black should try} 16... h3 $19 {Strongly threatening ...Kg7.} 17. Qc1 hxg2 18. Kxg2 Kg7 19. Nxg5 Qxg5) 17. Qe1 $17 Nxf3+ ({Much less strong is} 17... Bxf3 18. gxf3 Nh3+ 19. Kh1 $15) ({Better is} 17... h3 $19 18. Nxg5 Qxg5) 18. gxf3 Bh5 {[#]} ({Don't take} 18... Bxf3 19. Nxf3 h3 20. Qd2 $11) 19. f4 $1 {[%mdl 512]} Kh8 $36 {[%mdl 2048] Black is on the roll.} (19... exf4 20. d4) 20. Kh1 Rg8 21. Rg1 (21. Bb3 $17) 21... exf4 (21... Na5 $19 22. Bd5 exf4) 22. d4 Rxg1+ 23. Qxg1 Rg8 24. Qf1 {[#]} f3 $1 25. Re1 $2 (25. Qe1 $17) 25... Rg2 $19 26. Re3 $2 {[#]} (26. Qd3 Rxf2 27. Rf1 Rxf1+ 28. Qxf1) 26... Nxd4 $1 {[%mdl 512] Black is clearly winning.} 27. cxd4 Bxd4 {[%mdl 64] Double Attack} 28. Rd3 Be5 29. Bxe5 Qxe5 {[%csl Gg2][%cal Re5h2]} 30. Qxg2 fxg2+ 31. Kxg2 Qxb2 {Accuracy: White = 48%, Black = 76%.} 0-1